[Event "4th EUR-ch"]
[Site "Istanbul TUR"]
[Date "2003.06.03"]
[Round "5.22"]
[White "Lputian, Smbat"]
[Black "Luther, Thomas"]
[Result "0-1"]
[WhiteElo "2638"]
[BlackElo "2571"]
[EventDate "2003.05.30"]
[PlyCount "75"]

1.d4 d5 2.c4 c6 3.Nc3 Nf6 4.e3 a6 5.a4 e6 6.Nf3 c5 7.Be2 Nc6 8.O-O Be7 9.
b3 O-O 10.Bb2 b6 11.cxd5 exd5 12.Ne5 Bb7 13.Bf3 Nb4 14.Rc1 Re8 15.dxc5 
bxc5 16.Nd3 Nxd3 17.Qxd3 Qd6 18.Rfd1 Rad8 19.a5 Qe6 20.Na4 Ne4 21.Bxe4 
dxe4 22.Qc3 Qg4 23.Qc2 Rd3 24.h3 Qg5 25.Ba3 Red8 26.Nc3 Bf6 27.f4 Rxd1+ 
28.Nxd1 Qg3 29.Qxc5 Qe1+ 30.Kh2 h6 31.Qb4 Qxb4 32.Bxb4 Rd5 33.Nf2 Bd8 34.
Bc3 f5 35.b4 Kf7 36.g4 g6 37.Kg3 Ke6 38.Rc2 0-1

[Event "4th EUR-ch"]
[Site "Istanbul TUR"]
[Date "2003.06.03"]
[Round "5.23"]
[White "Goloshchapov, Alexander"]
[Black "Volkov, Sergei"]
[Result "1-0"]
[WhiteElo "2558"]
[BlackElo "2634"]
[EventDate "2003.05.30"]
[PlyCount "62"]

1.e4 e6 2.d4 d5 3.Nc3 Nf6 4.Bg5 Bb4 5.e5 h6 6.Be3 Ne4 7.Qg4 Kf8 8.a3 Bxc3+
9.bxc3 c5 10.Bd3 Nxc3 11.dxc5 Nc6 12.Nf3 f5 13.Qh5 d4 14.Bd2 Qd5 15.Bxc3 
dxc3 16.Rd1 Qxc5 17.O-O Kg8 18.Bxf5 exf5 19.Rd6 Be6 20.Rxe6 Qf8 21.Qh3 Rd8
22.Re1 h5 23.Ng5 Nd4 24.Rd6 Qe7 25.Qxc3 Qxg5 26.Qxd4 Kh7 27.h4 Qe7 28.Rd1 
Rde8 29.e6 Rhg8 30.g3 b6 31.Qe5 Qf6 1-0

[Event "4th EUR-ch"]
[Site "Istanbul TUR"]
[Date "2003.06.03"]
[Round "5.24"]
[White "Lastin, Alexander"]
[Black "Ivanisevic, Ivan"]
[Result "1/2-1/2"]
[WhiteElo "2632"]
[BlackElo "2569"]
[EventDate "2003.05.30"]
[PlyCount "106"]

1.d4 Nf6 2.c4 g6 3.Nc3 Bg7 4.e4 d6 5.Nf3 O-O 6.Be2 e5 7.O-O Na6 8.Be3 Ng4 
9.Bg5 Qe8 10.h3 f6 11.Bd2 Nh6 12.Rb1 Nf7 13.d5 Qe7 14.b4 f5 15.Rb3 c5 16.
dxc6 bxc6 17.Be3 Nc7 18.a4 Ne6 19.b5 c5 20.Nd5 Qd7 21.a5 Rb8 22.a6 Nd4 23.
Bxd4 cxd4 24.Nd2 Ng5 25.b6 axb6 26.c5 b5 27.Bxb5 Rxb5 28.c6 Qf7 29.Rxb5 
Bxa6 30.Rb6 Bxf1 31.Rb7 Qe6 32.Ne7+ Kh8 33.exf5 gxf5 34.Qxf1 e4 35.c7 
Nxh3+ 36.Kh2 Nf4 37.g3 Qh6+ 38.Kg1 Nh3+ 39.Qxh3 Qxh3 40.Rb8 f4 41.Rxf8+ 
Bxf8 42.c8=Q Qxc8 43.Nxc8 e3 44.fxe3 dxe3 45.Nf3 fxg3 46.Kg2 d5 47.Nb6 d4 
48.Nc4 Bc5 49.Nb2 Kg7 50.Kxg3 Kf6 51.Nd3 Bb6 52.Kf4 h5 53.Ke4 e2 1/2-1/2

[Event "4th EUR-ch"]
[Site "Istanbul TUR"]
[Date "2003.06.03"]
[Round "5.25"]
[White "Filippov, Valery"]
[Black "Izoria, Zviad"]
[Result "1-0"]
[WhiteElo "2627"]
[BlackElo "2569"]
[EventDate "2003.05.30"]
[PlyCount "77"]

1.d4 Nf6 2.c4 e6 3.g3 d5 4.Bg2 Bb4+ 5.Bd2 Be7 6.Nf3 O-O 7.O-O c6 8.Qc2 b6 
9.Bf4 Nbd7 10.Rd1 Bb7 11.Nc3 Rc8 12.Ne5 Nh5 13.Bc1 Nhf6 14.e4 dxc4 15.Nxc4
b5 16.Ne3 Qb6 17.f4 Rfd8 18.e5 Nd5 19.Qf2 f5 20.g4 g6 21.gxf5 gxf5 22.a4 
b4 23.a5 Qc7 24.Ncxd5 cxd5 25.Bd2 Nf8 26.Rdc1 Qd7 27.Nc2 b3 28.Nb4 Rxc1+ 
29.Rxc1 Rc8 30.Rxc8 Qxc8 31.Qg3+ Ng6 32.Qxb3 Bxb4 33.Qxb4 Qc2 34.Bf1 Qd1 
35.Kf2 Bc6 36.Be2 Qh1 37.Qb8+ Kf7 38.Qc7+ Ne7 39.Bh5+ 1-0

[Event "4th EUR-ch"]
[Site "Istanbul TUR"]
[Date "2003.06.03"]
[Round "5.26"]
[White "Anastasian, Ashot"]
[Black "Nielsen, Peter Heine"]
[Result "0-1"]
[WhiteElo "2561"]
[BlackElo "2625"]
[EventDate "2003.05.30"]
[PlyCount "84"]

1.Nf3 Nf6 2.g3 d5 3.Bg2 e6 4.O-O Be7 5.c4 O-O 6.d4 dxc4 7.Qc2 a6 8.a4 Bd7 
9.Qxc4 Bc6 10.Bg5 Bd5 11.Qd3 c5 12.Nc3 Bc6 13.dxc5 Bxc5 14.Qc4 Nbd7 15.b4 
Be7 16.b5 Bxf3 17.Bxf3 Ne5 18.Qf4 Nxf3+ 19.Qxf3 axb5 20.axb5 Rxa1 21.Rxa1 
Qb6 22.Be3 Qc7 23.Rc1 Rc8 24.Ne4 Qd7 25.Nxf6+ Bxf6 26.Rxc8+ Qxc8 27.b6 Qd7
28.h4 Qd5 29.Qf4 h5 30.Qc7 Bd8 31.Qc2 Bf6 32.Qa4 Kh7 33.f3 g6 34.Bf2 Kg7 
35.Kg2 Be5 36.Qc2 Bf6 37.Qc8 Be7 38.Be1 Bc5 39.Bc3+ e5 40.Qe8 f6 41.Qb5 
Qd6 42.f4 Qd5+ 0-1

[Event "4th EUR-ch"]
[Site "Istanbul TUR"]
[Date "2003.06.03"]
[Round "5.28"]
[White "Ftacnik, Lubomir"]
[Black "Savchenko, Stanislav"]
[Result "1/2-1/2"]
[WhiteElo "2611"]
[BlackElo "2559"]
[EventDate "2003.05.30"]
[PlyCount "77"]

1.d4 d5 2.c4 c6 3.Nf3 Nf6 4.Nc3 dxc4 5.a4 Bf5 6.Nh4 e6 7.Nxf5 exf5 8.e3 
Bb4 9.Bxc4 O-O 10.O-O Nbd7 11.Qc2 g6 12.f3 Rc8 13.Ba2 Nb6 14.Rd1 c5 15.
dxc5 Nbd7 16.e4 Bxc5+ 17.Kh1 fxe4 18.Bg5 Be7 19.Bh6 exf3 20.gxf3 Rc5 21.
Rg1 Kh8 22.Rad1 Rh5 23.Bxf8 Qxf8 24.Nd5 Ne5 25.Qe2 Bd8 26.Nxf6 Bxf6 27.f4 
Nc6 28.Rd7 Nd4 29.Qe4 Nf5 30.Rxf7 Qd8 31.Qf3 Rh4 32.Qd5 Qb6 33.Rxf6 Rxh2+ 
34.Kxh2 Qf2+ 35.Qg2 Qxf4+ 36.Kh1 Qh4+ 37.Qh2 Qe4+ 38.Rg2 Qe1+ 39.Rg1 
1/2-1/2

[Event "4th EUR-ch"]
[Site "Istanbul TUR"]
[Date "2003.06.03"]
[Round "5.30"]
[White "Romanyshyn, Oleh"]
[Black "Baklan, Volodymyr"]
[Result "1/2-1/2"]
[WhiteElo "2558"]
[BlackElo "2607"]
[EventDate "2003.05.30"]
[PlyCount "35"]

1.d4 Nf6 2.Nf3 g6 3.g3 Bg7 4.Bg2 O-O 5.O-O d6 6.a4 a5 7.Nc3 d5 8.Re1 Nc6 
9.Ne5 Nb4 10.Nb5 c6 11.Na3 Qb6 12.c3 Na6 13.Nd3 Bf5 14.Bf4 Rfe8 15.Be5 Bf8
16.Bf4 Bg7 17.Bg5 Bf8 18.Bf4 1/2-1/2

[Event "4th EUR-ch"]
[Site "Istanbul TUR"]
[Date "2003.06.03"]
[Round "5.34"]
[White "David, Alberto"]
[Black "Kozul, Zdenko"]
[Result "0-1"]
[WhiteElo "2548"]
[BlackElo "2601"]
[EventDate "2003.05.30"]
[PlyCount "66"]

1.e4 c5 2.Nc3 Nc6 3.Nge2 d6 4.d4 cxd4 5.Nxd4 Nf6 6.Bg5 e6 7.Qd2 a6 8.O-O-O
Bd7 9.f4 b5 10.Bxf6 gxf6 11.Kb1 Qb6 12.Nxc6 Bxc6 13.Qe1 Ra7 14.f5 Qc5 15.
Bd3 b4 16.Ne2 Bh6 17.fxe6 fxe6 18.Qh4 Bg7 19.Qh3 Re7 20.Nf4 f5 21.Qh5+ Kd8
22.Bxa6 Bxe4 23.Nd3 Qd4 24.Qh4 Rg8 25.Rhe1 Bf6 26.Qf2 Qxf2 27.Nxf2 Bxg2 
28.Rxd6+ Kc7 29.Rd2 Bh4 30.Bc4 Rg6 31.a3 bxa3 32.b3 e5 33.Ka2 e4 0-1

[Event "4th EUR-ch"]
[Site "Istanbul TUR"]
[Date "2003.06.03"]
[Round "5.35"]
[White "Asrian, Karen"]
[Black "Guseinov, Kadir"]
[Result "1/2-1/2"]
[WhiteElo "2596"]
[BlackElo "2505"]
[EventDate "2003.05.30"]
[PlyCount "51"]

1.e4 c5 2.Nf3 Nc6 3.d4 cxd4 4.Nxd4 Nf6 5.Nc3 d6 6.Bg5 e6 7.Qd2 Be7 8.O-O-O
O-O 9.h4 h6 10.g4 Nxd4 11.Qxd4 Qa5 12.Be2 e5 13.Qd3 Bf5 14.Bf4 Be6 15.Kb1 
Rac8 16.Nd5 Bxd5 17.exd5 Qa4 18.c4 b5 19.Qb3 Ne4 20.Qxa4 bxa4 21.Rde1 Rb8 
22.Kc2 Bf6 23.b3 Rb6 24.Be3 axb3+ 25.axb3 Ra6 26.Kd3 1/2-1/2

[Event "4th EUR-ch"]
[Site "Istanbul TUR"]
[Date "2003.06.03"]
[Round "5.36"]
[White "Svetuschin, Dumitru"]
[Black "Andersson, Ulf"]
[Result "1/2-1/2"]
[WhiteElo "2543"]
[BlackElo "2594"]
[EventDate "2003.05.30"]
[PlyCount "32"]

1.e4 c5 2.Nf3 e6 3.d3 Nc6 4.c3 d5 5.Qe2 Nf6 6.g3 g6 7.Bg5 dxe4 8.dxe4 h6 
9.Bc1 Bg7 10.Bg2 O-O 11.O-O e5 12.Re1 Be6 13.Na3 a6 14.Nc4 Qc7 15.a4 Bxc4 
16.Qxc4 Na5 1/2-1/2

[Event "4th EUR-ch"]
[Site "Istanbul TUR"]
[Date "2003.06.03"]
[Round "5.37"]
[White "Roiz, Michael"]
[Black "Kacheishvili, Giorgi"]
[Result "1/2-1/2"]
[WhiteElo "2529"]
[BlackElo "2592"]
[EventDate "2003.05.30"]
[PlyCount "40"]

1.c4 e6 2.Nf3 d5 3.d4 Nf6 4.g3 Bb4+ 5.Bd2 Be7 6.Bg2 O-O 7.O-O c6 8.Bf4 b6 
9.Nc3 Bb7 10.Rc1 Nh5 11.Bxb8 Rxb8 12.Ne5 Nf6 13.Qa4 c5 14.cxd5 exd5 15.e3 
cxd4 16.exd4 Ra8 17.Nc6 Bxc6 18.Qxc6 Rc8 19.Qb5 Rc4 20.Nxd5 Rxd4 1/2-1/2

[Event "4th EUR-ch"]
[Site "Istanbul TUR"]
[Date "2003.06.03"]
[Round "5.38"]
[White "Guliev, Sarhan"]
[Black "Galkin, Alexander"]
[Result "1/2-1/2"]
[WhiteElo "2524"]
[BlackElo "2591"]
[EventDate "2003.05.30"]
[PlyCount "25"]

1.d4 d5 2.c4 e6 3.Nc3 c6 4.cxd5 exd5 5.Bf4 Bd6 6.Bxd6 Qxd6 7.Nf3 Nf6 8.e3 
Bf5 9.Bd3 Bxd3 10.Qxd3 Nbd7 11.O-O O-O 12.h3 Rfe8 13.Nd2 1/2-1/2

[Event "4th EUR-ch"]
[Site "Istanbul TUR"]
[Date "2003.06.03"]
[Round "5.39"]
[White "Pavasovic, Dusko"]
[Black "Kurnosov, Igor"]
[Result "1-0"]
[WhiteElo "2584"]
[BlackElo "2500"]
[EventDate "2003.05.30"]
[PlyCount "53"]

1.e4 c5 2.c3 Nf6 3.e5 Nd5 4.d4 cxd4 5.Nf3 Nc6 6.cxd4 d6 7.Bc4 Nb6 8.Bb3 
dxe5 9.d5 Nb4 10.Nc3 e6 11.Bg5 f6 12.Nxe5 fxg5 13.Qh5+ g6 14.Nxg6 hxg6 15.
Qxh8 Nd3+ 16.Kf1 exd5 17.Qd4 Nf4 18.h4 Be6 19.Re1 Qc7 20.hxg5 O-O-O 21.Rh4
Bf5 22.Qxf4 Bd6 23.Qd2 Bc5 24.Nb5 Nc4 25.Bxc4 dxc4 26.Re8 Qb6 27.Nxa7+ 1-0

[Event "4th EUR-ch"]
[Site "Istanbul TUR"]
[Date "2003.06.03"]
[Round "5.40"]
[White "Arlandi, Ennio"]
[Black "Sulskis, Sarunas"]
[Result "1/2-1/2"]
[WhiteElo "2456"]
[BlackElo "2578"]
[EventDate "2003.05.30"]
[PlyCount "133"]

1.d4 Nf6 2.c4 e6 3.Nc3 Bb4 4.Qc2 c5 5.dxc5 O-O 6.Nf3 Bxc5 7.Bg5 h6 8.Bh4 
Bb4 9.Nd2 Nc6 10.e3 d5 11.Rd1 d4 12.Nb3 e5 13.a3 g5 14.Bg3 Qe7 15.axb4 
Nxb4 16.Qb1 dxc3 17.bxc3 Nc6 18.Be2 a5 19.O-O a4 20.Nc1 a3 21.Na2 Be6 22.
Nb4 Nxb4 23.cxb4 Nd7 24.f4 a2 25.Qb2 exf4 26.exf4 Qf6 27.Qxf6 Nxf6 28.fxg5
hxg5 29.Be5 Nd7 30.Ba1 Ra4 31.Rd2 Rc8 32.Rfd1 Nf8 33.Rc1 b5 34.Bd1 Rxb4 
35.Rxa2 Rcxc4 36.Rac2 Rxc2 37.Bxc2 Rc4 38.Bb2 b4 39.Bd3 Rxc1+ 40.Bxc1 f6 
41.Kf2 Nd7 42.Kf3 Nc5 43.Bb5 Kf7 44.Bb2 Ke7 45.Bd4 Nb7 46.Ke4 Na5 47.Ba4 
Nb7 48.Bc6 Nd6+ 49.Kd3 Bf5+ 50.Kd2 Nc4+ 51.Kc1 Kd6 52.Be8 Ne5 53.Bb5 Kd5 
54.Ba1 Be4 55.Ba6 Kd6 56.g3 g4 57.Kd2 f5 58.Ke3 b3 59.Bb2 Nf3 60.Kf4 Nxh2 
61.Bc8 Kd5 62.Bb7+ Kc4 63.Bxe4 fxe4 64.Kxe4 Nf1 65.Kf4 Kd3 66.Kxg4 Kc2 67.
Ba1 1/2-1/2

[Event "4th EUR-ch"]
[Site "Istanbul TUR"]
[Date "2003.06.03"]
[Round "5.43"]
[White "Jaracz, Pawel"]
[Black "Bacrot, Etienne"]
[Result "1/2-1/2"]
[WhiteElo "2549"]
[BlackElo "2654"]
[EventDate "2003.05.30"]
[PlyCount "51"]

1.e4 e5 2.Bc4 Nf6 3.d3 c6 4.Nf3 d5 5.Bb3 Bd6 6.Nc3 dxe4 7.Ng5 O-O 8.Ncxe4 
Nxe4 9.Nxe4 Bf5 10.Qf3 Bxe4 11.dxe4 Nd7 12.c3 a5 13.a3 a4 14.Ba2 Qe7 15.
O-O Bc5 16.Bd2 Rad8 17.Rad1 h6 18.g3 Qf6 19.Qe2 Qe7 20.Kg2 b5 21.Qg4 Nf6 
22.Qf5 Rd6 23.Bc1 Qd7 24.Qxd7 Rxd7 25.Rxd7 Nxd7 26.f4 1/2-1/2

[Event "4th EUR-ch"]
[Site "Istanbul TUR"]
[Date "2003.06.03"]
[Round "5.46"]
[White "Areschenko, Alexander"]
[Black "Kobalia, Mikhail"]
[Result "0-1"]
[WhiteElo "2546"]
[BlackElo "2639"]
[EventDate "2003.05.30"]
[PlyCount "77"]

1.e4 c5 2.Nf3 d6 3.d4 cxd4 4.Nxd4 Nf6 5.Nc3 a6 6.Be2 e5 7.Nb3 Be7 8.O-O 
O-O 9.a4 Be6 10.f4 exf4 11.Bxf4 Nc6 12.Kh1 Rc8 13.Qe1 Ne8 14.Rd1 Bf6 15.
Qg3 Be5 16.Nc5 Qe7 17.Nd3 Bxf4 18.Nxf4 Rd8 19.Ncd5 Bxd5 20.Nxd5 Qxe4 21.
Bd3 Qe5 22.Qh4 g6 23.Bc4 Kh8 24.Rde1 Qg7 25.Ne7 Rb8 26.Nxc6 bxc6 27.Re7 d5
28.Bd3 Nd6 29.Rf6 Ne4 30.Bxe4 dxe4 31.Rxe4 Rbe8 32.Rxe8 Rxe8 33.h3 Kg8 34.
a5 Re2 35.Qf4 c5 36.Kh2 Rxc2 37.Qb8+ Qf8 38.Qc7 Qe8 39.Rf4 0-1

[Event "4th EUR-ch"]
[Site "Istanbul TUR"]
[Date "2003.06.03"]
[Round "5.47"]
[White "Macieja, Bartlomiej"]
[Black "Nedev, Trajce"]
[Result "1-0"]
[WhiteElo "2634"]
[BlackElo "2518"]
[EventDate "2003.05.30"]
[PlyCount "53"]

1.e4 c5 2.Nf3 Nc6 3.Nc3 Nf6 4.Bb5 g6 5.h3 Bg7 6.e5 Ng8 7.Bxc6 dxc6 8.d3 
Nh6 9.Be3 b6 10.g4 f5 11.exf6 exf6 12.Qe2 Qe7 13.d4 cxd4 14.Nxd4 Bb7 15.
O-O-O Nf7 16.Rhe1 O-O 17.Qc4 b5 18.Qf1 Ne5 19.f4 Nc4 20.Bg1 Qf7 21.b3 Nb6 
22.Ne6 Rfe8 23.f5 Bf8 24.Bc5 Nd7 25.Bxf8 Nxf8 26.Ne4 Nxe6 27.Nd6 1-0

[Event "4th EUR-ch"]
[Site "Istanbul TUR"]
[Date "2003.06.03"]
[Round "5.48"]
[White "Sturua, Zurab"]
[Black "Moiseenko, Olexandr"]
[Result "0-1"]
[WhiteElo "2545"]
[BlackElo "2627"]
[EventDate "2003.05.30"]
[PlyCount "78"]

1.d4 Nf6 2.c4 e6 3.Nc3 Bb4 4.e3 b6 5.Ne2 Ne4 6.Qc2 Bb7 7.a3 Bxc3+ 8.Nxc3 
Nxc3 9.Qxc3 O-O 10.b4 a5 11.b5 d6 12.c5 c6 13.Bb2 cxb5 14.d5 Qg5 15.c6 Ba6
16.h4 Qg4 17.Rh3 f6 18.Rg3 Qf5 19.Rg5 Qe4 20.Bd3 Qxh4 21.Rg3 b4 22.axb4 
Bxd3 23.Qxd3 Qxb4+ 24.Bc3 Qc5 25.Rc1 Na6 26.dxe6 Nc7 27.Qb1 Nxe6 28.Bxf6 
Qb4+ 29.Qxb4 axb4 30.Be7 b3 31.Rb1 Rfc8 32.Bxd6 Rxc6 33.Be5 Ra2 34.e4 Rcc2
35.f4 g6 36.Rgxb3 Rxg2 37.Rf3 Nc5 38.Bd4 Nxe4 39.Kf1 Rh2 0-1

[Event "4th EUR-ch"]
[Site "Istanbul TUR"]
[Date "2003.06.03"]
[Round "5.49"]
[White "Tiviakov, Sergei"]
[Black "Shneider, Alexander"]
[Result "1-0"]
[WhiteElo "2623"]
[BlackElo "2497"]
[EventDate "2003.05.30"]
[PlyCount "54"]

1.e4 c5 2.Nf3 d6 3.d4 cxd4 4.Nxd4 Nf6 5.Nc3 a6 6.Be3 e5 7.Nb3 Be6 8.f3 
Nbd7 9.g4 Nb6 10.g5 Nh5 11.Qd2 Be7 12.O-O-O Rc8 13.Kb1 O-O 14.Rg1 g6 15.
Qf2 Nc4 16.Bc1 f6 17.Nd5 Bxd5 18.gxf6 Rxf6 19.exd5 Nf4 20.Rg4 Qb6 21.Qe1 
Bf8 22.h4 Qc7 23.h5 b5 24.hxg6 hxg6 25.Qe4 Bg7 26.c3 Qf7 27.Rh4 Nh5 1-0

[Event "4th EUR-ch"]
[Site "Istanbul TUR"]
[Date "2003.06.03"]
[Round "5.50"]
[White "Smirnov, Pavel"]
[Black "Jenni, Florian"]
[Result "1-0"]
[WhiteElo "2615"]
[BlackElo "2516"]
[EventDate "2003.05.30"]
[PlyCount "108"]

1.e4 e5 2.Nf3 Nc6 3.Bb5 a6 4.Ba4 Nf6 5.O-O Be7 6.Re1 b5 7.Bb3 O-O 8.c3 d6 
9.d4 Bg4 10.Be3 d5 11.dxe5 Nxe5 12.exd5 Re8 13.Bd4 Bxf3 14.gxf3 Bd6 15.Nd2
Nh5 16.Ne4 Qh4 17.Ng3 Nf4 18.Kh1 Ned3 19.Re4 f5 20.Rxe8+ Rxe8 21.Qg1 g6 
22.Bc2 Qh3 23.Bxd3 Nxd3 24.Rd1 Nf4 25.b3 Nxd5 26.c4 bxc4 27.bxc4 Nf4 28.c5
Bf8 29.Be3 Ne6 30.f4 Qg4 31.Qf1 Qf3+ 32.Kg1 Nxf4 33.Rd7 Nd5 34.Qc4 c6 35.
Qh4 Be7 36.Bg5 Qd1+ 37.Nf1 Qe1 38.Bxe7 Rxe7 39.Rd6 Re4 40.Qd8+ Kg7 41.Rd7+
Kh6 42.Qf8+ Kg5 43.Qd8+ Kh6 44.Qf8+ Kg5 45.Qd8+ Re7 46.Rxd5 cxd5 47.c6 Kh5
48.Kg2 Qe4+ 49.Kg1 Qe1 50.Kg2 Qe4+ 51.Kg1 Qe5 52.Ng3+ Kh6 53.f4 Qd4+ 54.
Kg2 Qg7 1-0

[Event "4th EUR-ch"]
[Site "Istanbul TUR"]
[Date "2003.06.03"]
[Round "5.51"]
[White "Halkias, Stelios"]
[Black "Krasenkow, Michal"]
[Result "1/2-1/2"]
[WhiteElo "2542"]
[BlackElo "2609"]
[EventDate "2003.05.30"]
[PlyCount "37"]

1.Nf3 d6 2.d4 g6 3.c4 Bg7 4.Nc3 Bg4 5.g3 Bxf3 6.exf3 e6 7.Bg2 Ne7 8.O-O 
O-O 9.Bg5 h6 10.Bxe7 Qxe7 11.f4 Nd7 12.Re1 Rab8 13.Qd2 Qd8 14.Rac1 c6 15.
d5 cxd5 16.cxd5 e5 17.Ne4 exf4 18.Nxd6 f3 19.Bh1 1/2-1/2

[Event "4th EUR-ch"]
[Site "Istanbul TUR"]
[Date "2003.06.03"]
[Round "5.53"]
[White "Huzman, Alexander"]
[Black "Comas i Fabrego, Lluis"]
[Result "1/2-1/2"]
[WhiteElo "2589"]
[BlackElo "2490"]
[EventDate "2003.05.30"]
[PlyCount "37"]

1.Nf3 Nf6 2.c4 g6 3.Nc3 Bg7 4.e4 d6 5.d4 O-O 6.Be2 Na6 7.O-O e5 8.Re1 c6 
9.Bf1 exd4 10.Nxd4 Ng4 11.h3 Qb6 12.hxg4 Qxd4 13.g5 Qxd1 14.Rxd1 Be5 15.
Na4 Nb4 16.a3 Nc2 17.Ra2 Nd4 18.b4 b6 19.Be3 1/2-1/2

[Event "4th EUR-ch"]
[Site "Istanbul TUR"]
[Date "2003.06.03"]
[Round "5.55"]
[White "Palac, Mladen"]
[Black "Zaja, Ivan"]
[Result "1/2-1/2"]
[WhiteElo "2587"]
[BlackElo "2417"]
[EventDate "2003.05.30"]
[PlyCount "65"]

1.e4 d6 2.d4 Nf6 3.Bd3 e5 4.d5 g6 5.c4 Bg7 6.Bg5 c6 7.Nc3 h6 8.Bh4 O-O 9.
Nge2 g5 10.Bg3 b5 11.a3 bxc4 12.Bxc4 cxd5 13.Bxd5 Nxd5 14.Qxd5 Qb6 15.Qb5 
Nc6 16.Qxb6 axb6 17.O-O-O Rd8 18.Nd5 Rb8 19.f3 Ba6 20.Nec3 Nd4 21.Bf2 Bc4 
22.h4 Bb3 23.Rd2 Rb7 24.Kb1 b5 25.hxg5 hxg5 26.Nb4 f5 27.exf5 Nxf5 28.Nc6 
Ra8 29.Rh5 Rc7 30.Nb4 Nd4 31.Bxd4 exd4 32.Nxb5 Re8 33.Rh1 1/2-1/2

[Event "4th EUR-ch"]
[Site "Istanbul TUR"]
[Date "2003.06.03"]
[Round "5.56"]
[White "Kulaots, Kaido"]
[Black "Hracek, Zbynek"]
[Result "1-0"]
[WhiteElo "2514"]
[BlackElo "2584"]
[EventDate "2003.05.30"]
[PlyCount "59"]

1.e4 c5 2.Nf3 e6 3.d4 cxd4 4.Nxd4 Nf6 5.Nc3 d6 6.Be3 a6 7.f3 b5 8.g4 h6 9.
Qd2 Nbd7 10.O-O-O Bb7 11.h4 b4 12.Na4 Qa5 13.b3 Nc5 14.a3 Nxa4 15.axb4 Qc7
16.bxa4 Nd7 17.a5 d5 18.Bf4 e5 19.Bg3 dxe4 20.Nf5 exf3 21.Bc4 Rd8 22.Rhe1 
Be7 23.Qc3 Kf8 24.Nxe7 Kxe7 25.Bxe5 Nxe5 26.Qxe5+ Qxe5 27.Rxe5+ Kf6 28.
Rf5+ Kg6 29.Bd3 h5 30.Rd5+ 1-0

[Event "4th EUR-ch"]
[Site "Istanbul TUR"]
[Date "2003.06.03"]
[Round "5.57"]
[White "Korobov, Anton"]
[Black "Socko, Bartosz"]
[Result "1-0"]
[WhiteElo "2513"]
[BlackElo "2577"]
[EventDate "2003.05.30"]
[PlyCount "65"]

1.d4 Nf6 2.c4 e6 3.Nc3 Bb4 4.e3 O-O 5.Bd3 d5 6.Nf3 c5 7.O-O cxd4 8.exd4 
dxc4 9.Bxc4 b6 10.Qd3 Bb7 11.Bg5 Nbd7 12.Rac1 Rc8 13.Bb5 Nb8 14.Ne5 Be7 
15.f4 Nd5 16.Qg3 Nxc3 17.bxc3 Nc6 18.Bh6 Bf6 19.Bd3 Re8 20.Rce1 Rc7 21.Re3
g6 22.Bb5 a6 23.Bxc6 Bxc6 24.Bg5 Be7 25.Bxe7 Qxe7 26.f5 exf5 27.Rxf5 Rd8 
28.Qf2 Bb5 29.h4 Kg7 30.h5 Qd6 31.h6+ Kg8 32.Ref3 Bc4 33.Qh4 1-0

[Event "4th EUR-ch"]
[Site "Istanbul TUR"]
[Date "2003.06.03"]
[Round "5.58"]
[White "Timofeev, Artiom"]
[Black "Bocharov, Dmitry"]
[Result "1-0"]
[WhiteElo "2577"]
[BlackElo "2492"]
[EventDate "2003.05.30"]
[PlyCount "81"]

1.e4 c5 2.Nf3 Nc6 3.d4 cxd4 4.Nxd4 Nf6 5.Nc3 d6 6.g3 g6 7.Nde2 Bg7 8.Bg2 
O-O 9.O-O Rb8 10.a4 a6 11.h3 b5 12.axb5 axb5 13.Be3 b4 14.Nd5 Nd7 15.Ra2 
e6 16.Ndf4 Nc5 17.b3 Bb7 18.Nd3 Qe7 19.Qd2 Rfd8 20.Bg5 Bf6 21.Bxf6 Qxf6 
22.Qe3 Nxd3 23.cxd3 e5 24.Rc1 Ra8 25.Rb2 Ra6 26.Rc4 Rc8 27.Kh2 Kg7 28.h4 
Rca8 29.Rbc2 h5 30.Rc1 Qd8 31.Bh3 Qb6 32.Qf3 Ra2 33.Bd7 Na5 34.Rc7 Rxe2 
35.Qxe2 d5 36.exd5 Qd6 37.Be6 Rf8 38.Qf3 Qxe6 39.Rxb7 Qd6 40.Ra7 Nxb3 41.
Rcc7 1-0

[Event "4th EUR-ch"]
[Site "Istanbul TUR"]
[Date "2003.06.03"]
[Round "5.59"]
[White "Vesterbaek Pedersen, Nicolai"]
[Black "Nevednichy, Vladislav"]
[Result "1/2-1/2"]
[WhiteElo "2508"]
[BlackElo "2569"]
[EventDate "2003.05.30"]
[PlyCount "56"]

1.e4 c5 2.c3 d5 3.exd5 Qxd5 4.d4 g6 5.dxc5 Qxd1+ 6.Kxd1 Nf6 7.Bb5+ Bd7 8.
Bxd7+ Nbxd7 9.c6 bxc6 10.Nf3 e5 11.Re1 Ng4 12.Kc2 f6 13.Be3 Nxe3+ 14.Rxe3 
Bh6 15.Re2 Rd8 16.Nbd2 Bxd2 17.Nxd2 Kf7 18.Nb3 h5 19.Na5 Nb8 20.b4 h4 21.
a4 Rd5 22.Rae1 g5 23.h3 Rg8 24.Re4 Rgd8 25.Nb3 Na6 26.Ra1 Nb8 27.Rae1 Na6 
28.Ra1 Nb8 1/2-1/2

[Event "4th EUR-ch"]
[Site "Istanbul TUR"]
[Date "2003.06.03"]
[Round "5.60"]
[White "Cherniaev, Alexander"]
[Black "Ruck, Robert"]
[Result "1/2-1/2"]
[WhiteElo "2501"]
[BlackElo "2569"]
[EventDate "2003.05.30"]
[PlyCount "73"]

1.e4 c5 2.c3 Nf6 3.e5 Nd5 4.Nf3 d6 5.d4 cxd4 6.cxd4 e6 7.Bc4 Nb6 8.Bd3 Nc6
9.O-O Nb4 10.Bg5 Be7 11.Bxe7 Qxe7 12.Nc3 Nxd3 13.Qxd3 Bd7 14.Ne4 dxe5 15.
dxe5 O-O 16.Rfe1 Bc6 17.Neg5 g6 18.Ne4 Rfd8 19.Qe3 Bxe4 20.Qxe4 Rac8 21.
Rac1 Kg7 22.h4 h6 23.Rxc8 Rxc8 24.Rd1 Nd5 25.Qd4 b5 26.Qd2 Rc4 27.Rc1 Qc5 
28.Rxc4 Qxc4 29.a3 Qg4 30.Qd1 Nf4 31.g3 a6 32.Qb3 Ne2+ 33.Kg2 Nf4+ 34.Kg1 
Nd5 35.Qd3 Nf4 36.Qb3 Ne2+ 37.Kg2 1/2-1/2

[Event "4th EUR-ch"]
[Site "Istanbul TUR"]
[Date "2003.06.03"]
[Round "5.61"]
[White "Erenburg, Sergey"]
[Black "Inarkiev, Ernesto"]
[Result "1-0"]
[WhiteElo "2499"]
[BlackElo "2568"]
[EventDate "2003.05.30"]
[PlyCount "89"]

1.e4 e5 2.Nf3 Nc6 3.Bb5 a6 4.Bxc6 dxc6 5.O-O Qd6 6.Na3 Be6 7.Qe2 f6 8.Rd1 
O-O-O 9.d4 Bg4 10.Be3 Qe6 11.dxe5 Re8 12.Nc4 fxe5 13.Rd3 Ne7 14.Rad1 Ng6 
15.h3 Bxf3 16.Qxf3 Be7 17.Qf5 Qxf5 18.exf5 Nh4 19.g4 e4 20.Rd7 Rd8 21.
Rxd8+ Bxd8 22.Nd2 Re8 23.Kf1 g6 24.fxg6 hxg6 25.Re1 Bf6 26.Bf4 Bxb2 27.Bg5
Rh8 28.Rxe4 Bc1 29.Ke2 Rh7 30.Re8+ Kd7 31.Rd8+ Ke6 32.Ne4 Bxg5 33.Nxg5+ 
Ke7 34.Rg8 Rh6 35.Kf1 b5 36.f4 Kf6 37.Kf2 c5 38.Kg3 c4 39.Rc8 Ke7 40.Rxc7+
Kd6 41.Rg7 Kd5 42.Nf7 Rh5 43.gxh5 Nf5+ 44.Kf2 Nxg7 45.h6 1-0

[Event "4th EUR-ch"]
[Site "Istanbul TUR"]
[Date "2003.06.03"]
[Round "5.63"]
[White "Stefansson, Hannes Hlifar"]
[Black "Palo, Davor"]
[Result "1-0"]
[WhiteElo "2565"]
[BlackElo "2472"]
[EventDate "2003.05.30"]
[PlyCount "101"]

1.d4 Nf6 2.c4 e6 3.Nc3 Bb4 4.Qc2 d5 5.cxd5 Qxd5 6.Nf3 Qf5 7.Qxf5 exf5 8.a3
Bd6 9.g3 Be6 10.Bg2 c6 11.O-O Nbd7 12.Re1 h6 13.Nd2 O-O 14.b3 Nb6 15.e3 a5
16.Rb1 Nbd5 17.Ne2 Rfe8 18.Bb2 Bd7 19.Nc4 Bf8 20.Nc1 Be6 21.Nd2 Bc8 22.Nd3
Ne4 23.Nc4 f6 24.f3 Nd6 25.e4 Nxc4 26.bxc4 Nb6 27.c5 Nc4 28.Rbc1 Nxb2 29.
Nxb2 Rd8 30.Red1 Be6 31.Bf1 fxe4 32.fxe4 f5 33.e5 b5 34.cxb6 Bxa3 35.Rxc6 
Bxb2 36.Rxe6 Bxd4+ 37.Kg2 Rab8 38.Bc4 Kh7 39.Bd3 Rxb6 40.Bxf5+ Kg8 41.Re7 
Kf8 42.Rc7 Rb5 43.Bh7 Rb2+ 44.Kh3 Rf2 45.e6 Bf6 46.Rf7+ Ke8 47.Rxd8+ Kxd8 
48.e7+ Kd7 49.Bd3 Rb2 50.Bf5+ Ke8 51.Bg6 1-0

[Event "4th EUR-ch"]
[Site "Istanbul TUR"]
[Date "2003.06.03"]
[Round "5.65"]
[White "Hulak, Krunoslav"]
[Black "Yeke, Serkan"]
[Result "1-0"]
[WhiteElo "2563"]
[BlackElo "2287"]
[EventDate "2003.05.30"]
[PlyCount "87"]

1.c4 e5 2.g3 Nc6 3.Bg2 g6 4.Nc3 Bg7 5.e3 d6 6.Nge2 h5 7.d4 h4 8.d5 Nce7 9.
e4 Nf6 10.Qd3 c6 11.Bg5 cxd5 12.cxd5 h3 13.Bf3 Nh7 14.Be3 g5 15.Nc1 g4 16.
Be2 f5 17.exf5 Bxf5 18.Qd1 Nf6 19.O-O a6 20.a4 Rc8 21.a5 Rxc3 22.bxc3 
Nexd5 23.Bd2 O-O 24.c4 Ne7 25.Bb4 Ne4 26.Bxg4 Ng5 27.Ra3 Qc8 28.Bxf5 Qc6 
29.f3 Rxf5 30.Bxd6 Nc8 31.Bb4 e4 32.f4 e3 33.Qe2 Ne6 34.Rxe3 Bd4 35.Rf3 
Ng5 36.Rf2 Bxe3 37.Qxe3 Qxc4 38.fxg5 Rxf2 39.Kxf2 Qxb4 40.Qe6+ Kg7 41.Qxc8
Qd4+ 42.Kf3 Qd1+ 43.Ne2 Qh1+ 44.Kg4 1-0

[Event "4th EUR-ch"]
[Site "Istanbul TUR"]
[Date "2003.06.03"]
[Round "5.66"]
[White "Mchedlishvili, Mikheil"]
[Black "Erdogan, Hakan"]
[Result "1-0"]
[WhiteElo "2560"]
[BlackElo "2239"]
[EventDate "2003.05.30"]
[PlyCount "77"]

1.d4 Nf6 2.c4 e6 3.Nc3 c5 4.e3 d5 5.Nf3 a6 6.cxd5 exd5 7.Be2 Be7 8.O-O O-O
9.b3 Nc6 10.Bb2 Be6 11.Rc1 Rc8 12.dxc5 Bxc5 13.Na4 Bd6 14.Nc5 Qe7 15.Bxf6 
gxf6 16.Nd3 Ne5 17.Nd4 Rxc1 18.Qxc1 Ng6 19.g3 Rc8 20.Qd2 Qc7 21.Rc1 Qb8 
22.Rd1 Qc7 23.Bf3 Ba3 24.Qe2 Kh8 25.e4 Rd8 26.Nxe6 fxe6 27.exd5 exd5 28.
Bg2 Qf7 29.h4 a5 30.h5 Ne7 31.Nf4 Bc5 32.Ne6 Rc8 33.Bxd5 Nxd5 34.Rxd5 Bb6 
35.Rd6 Rc6 36.Qd3 Qe7 37.Rd7 Rxe6 38.Rxe7 Rxe7 39.Qd6 1-0